Science, Secularization and God (Record no. 15419)

MARC details
000 -LEADER
fixed length control field 00433nam a2200157Ia 4500
005 - DATE AND TIME OF LATEST TRANSACTION
control field 20250919093406.0
008 - FIXED-LENGTH DATA ELEMENTS--GENERAL INFORMATION
fixed length control field 081213s9999 xx 000 0 und d
050 ## - LIBRARY OF CONGRESS CALL NUMBER
Classification number BL2402
Item number .C38 1969
100 ## - MAIN ENTRY--PERSONAL NAME
Personal name Cauthen, Kenneth
245 ## - TITLE STATEMENT
Title Science, Secularization and God
260 ## - PUBLICATION, DISTRIBUTION, ETC. (IMPRINT)
Date of publication, distribution, etc 1969
Place of publication, distribution, etc Nashivillle& New york
Name of publisher, distributor, etc Abigdon press
300 ## - PHYSICAL DESCRIPTION
Extent 237 p.;
Dimensions 24cm
500 ## - GENERAL NOTE
General note includes Index
650 ## - SUBJECT ADDED ENTRY--TOPICAL TERM
Topical term or geographic name as entry element Religion and Science
942 ## - ADDED ENTRY ELEMENTS (KOHA)
Item type Book
Source of classification or shelving scheme Library of Congress Classification
Holdings
Withdrawn status Lost status Source of classification or shelving scheme Damaged status Not for loan Collection code Home library Current library Shelving location Date acquired Total Checkouts Full call number Barcode Date last borrowed Price effective from Koha item type Copy number
    Library of Congress Classification     Non-fiction Bishop Okullu Memorial Library (Limuru Campus) Bishop Okullu Memorial Library (Limuru Campus) General Circulation 15/12/2008 3 BL240.2.C38 1969 008049 07/09/2019 15/12/2008 Book  
    Library of Congress Classification       Bishop Okullu Memorial Library (Limuru Campus) Bishop Okullu Memorial Library (Limuru Campus) General Circulation 29/09/2009 3 BL2402 .C38 1969 011422 19/09/2016 29/09/2009 Book 2